Applied numerical analysis / (Record no. 14204)
[ view plain ]
| 000 -LEADER | |
|---|---|
| fixed length control field | 00531cam a2200205 a 4500 |
| 020 ## - INTERNATIONAL STANDARD BOOK NUMBER | |
| ISBN | 020187072X |
| 020 ## - INTERNATIONAL STANDARD BOOK NUMBER | |
| ISBN | 9780201870725 |
| 020 ## - INTERNATIONAL STANDARD BOOK NUMBER | |
| ISBN | 0201474352 |
| 020 ## - INTERNATIONAL STANDARD BOOK NUMBER | |
| ISBN | 9780201474350 |
| 040 ## - CATALOGING SOURCE | |
| Transcribing agency | DLC |
| 082 00 - DEWEY DECIMAL CLASSIFICATION NUMBER | |
| Classification number | 519 GER 1997 A060 Or. |
| 100 1# - MAIN ENTRY--AUTHOR NAME | |
| Personal name | Gerald, Curtis F., |
| 245 10 - TITLE STATEMENT | |
| Title | Applied numerical analysis / |
| 250 ## - EDITION STATEMENT | |
| Edition statement | Sixth edition |
| 300 ## - PHYSICAL DESCRIPTION | |
| Number of Pages | 1 volume (various pagings) : |
| Other physical details | illustrations ; |
| Dimensions | 25 cm |
| 650 #0 - SUBJECT ADDED ENTRY--TOPICAL TERM | |
| Topical Term | Numerical analysis |
| 650 #4 - SUBJECT ADDED ENTRY--TOPICAL TERM | |
| Topical Term | Numerical analysis |
| 700 1# - ADDED ENTRY--PERSONAL NAME | |
| Personal name | Wheatley, Patrick O |
| 942 ## - ADDED ENTRY ELEMENTS (KOHA) | |
| Koha item type | សៀវភៅភាសាអង់គ្លេស |
| 952 ## - LOCATION AND ITEM INFORMATION (KOHA) | |
| Withdrawn status [LOCAL, KOHA] | 0 |
| Permanent Location | Date acquired | Koha item type | Lost status | Shelving location | Barcode | Current Location | Full call number |
|---|---|---|---|---|---|---|---|
| Library Block A | 2017-10-10 | សៀវភៅភាសាអង់គ្លេស | A060 | A21460 | Library Block A | 519 GER 1997 A060 Or. |